000 01416cam a22003134a 4500
001 15723020
005 20100511100556.0
008 090501s2009 nyua b 001 0 eng
010 _a 2009018359
016 7 _a101503734
_2DNLM
020 _a0071481818
020 _a9780071481816
035 _a(OCoLC)ocn232129960
040 _aDNLM/DLC
_cDLC
_dBTCTA
_dBAKER
_dYDXCP
_dNLM
_dC#P
_dMUQ
_dUBY
_dDLC
042 _apcc
050 0 0 _aRT120.I5
_bC735 2009
082 0 0 _a616.028
_222
_bHAN
245 0 0 _aProcedures in Critical Care /
_c C. William Hanson
260 _aNew York :
_bMcGraw-Hill Medical, 2009.
_c2009.
300 _a165 p. :
_bill. ;
_c23 cm. +
_e1 DVD ( 4 3/4 in. )
504 _aIncludes bibliographical references and index.
650 0 _aCritical care medicine
_927306
650 0 _aIntensive care
_927307
_xmethods
653 _bNUR
_cSeptember2011
942 _2ddc
_cNRB
999 _c16063
_d16063